000 00246nam a2200085Ia 4500
008 230915s9999 xx 000 0 und d
050 _aB 51 .P49 2015
245 0 _aPHILOSOPHY WITH READINGS FROM PENGUIN CUSTOM EDITIONS:THE WESTERN WORLD
942 _cBK
999 _c63499
_d63499